Statistics for Countries ending in IA with Exceptions

Click here to take the quiz!

General Stats

  • This quiz has been taken 396 times
  • The average score is 21 of 27

Answer Stats

Country% Correct
Latvia
87%
Lithuania
87%
Albania
86%
Australia
86%
Slovakia
86%
Slovenia
86%
Austria
85%
Estonia
85%
India
84%
Indonesia
84%
Serbia
84%
Armenia
83%
Croatia
83%
Russia
82%
Bulgaria
81%
Romania
77%
Malaysia
73%
Bolivia
72%
Cambodia
72%
Colombia
72%
Mongolia
71%
Georgia
70%
Saudi Arabia
67%
North Macedonia
65%
Syria
64%
F.S. Micronesia
51%
Saint Lucia
47%

Score Distribution

Percentile by Number Answered

Percent of People with Each Score

Your Score History

You have not taken this quiz